Visualizzazione normale
Vista MARC
- Serra Piera (et al.)
di Personal Name
Records bibliografici associati: 1
001 - CONTROL NUMBER
- control field: 56259
003 - CONTROL NUMBER IDENTIFIER
- control field: IT-RoPau
005 - DATE AND TIME OF LATEST TRANSACTION
- control field: 20170309153314.0
008 - FIXED-LENGTH DATA ELEMENTS
- fixed length control field: 170309|| aca||aabn | a|a d
040 ## - CATALOGING SOURCE
- Original cataloging agency: IT-RoPau
- Transcribing agency: IT-RoPau
100 ## - HEADING--PERSONAL NAME
- Personal name: Serra Piera (et al.)
670 ## - SOURCE DATA FOUND
- Source citation: Work cat.: (IT-RoPau): Serra Piera (et al.), Essere genitori e figli di tutte le nuove combinazioni medico assistite (utero in affitto, ecc.), 2015